000 02403cam a2200589 a 4500
001 sjds142458
003 sjds
005 20171017135413.0
008 970520t19971997wiuab c 000 1 spa
010 _a 97019799
020 _a1562474979 (pbk.)
020 _a9781562474973 (pbk.)
035 _a(OCoLC)37001412
040 _aDLC
_cDLC
_dDLC
_dUtOrBLW
041 1 _aspa
_heng
049 _aIFAB
099 _aCHILDREN ESPANOL FICTION TRIPP 1997
999 _c18955
_d18955
999 _bCHILDREN ESPANOL FICTION TRIPP 1997
100 1 _aTripp, Valerie,
_d1951-
_eauthor.
240 1 0 _aJosefina learns a lesson.
_lSpanish
245 1 0 _aJosefina aprende una lección :
_bun cuento de la escuela /
_cValerie Tripp ; versión en español de José Moreno ; ilustraciones, Jean-Paul Tibbles ; viñetas, Susan McAliley.
250 _aFirst edition, Spanish.
260 _aMiddleton, WI :
_bPleasant Co.,
_cc1997
264 1 _aMiddleton, WI :
_bPleasant Co.,
_c[1997]
264 4 _cc1997
300 _a71 pages :
_billustrations (some color), color map ;
_c22 cm.
336 _atext
_btxt
_2rdacontent
337 _aunmediated
_bn
_2rdamedia
338 _avolume
_bnc
_2rdacarrier
490 1 _aThe American girls collection ;
500 _a"Libro dos"--cover.
520 _aJosefina and her sisters distrust learning to read and write, as well as other changes their Tia Dolores is bringing to the household, because they fear they will lose their memories of their mother.
521 1 _aA partir de 7 años.
526 0 _aAccelerated Reader
_bMG
_c4.5
_d2.0
_z17625SP
650 0 _aRanch life
_zNew Mexico
_vJuvenile fiction.
650 0 _aMexican Americans
_vJuvenile fiction.
650 0 _aSisters
_vJuvenile fiction.
650 0 _aAunts
_vJuvenile fiction.
650 0 _aHistorical fiction
_vJuvenile literature.
650 7 _aVida ranchera
_zNuevo México
_vNovela juvenil.
_2bidex
650 7 _aMexicano-americanos
_vNovela juvenil.
_2bidex
650 7 _aHermanas
_vNovela juvenil.
_2bidex
650 0 7 _aTías
_vNovela juvenil.
_2bidex
650 7 _aNovela histórica
_vLiteratura juvenil.
_2bidex
651 0 _aNew Mexico
_xHistory
_yTo 1848
_vJuvenile fiction.
651 7 _aNuevo México
_xHistoria
_yHasta 1848
_vNovela juvenil.
_2bidex
700 1 _aMoreno, José.
700 1 _aTibbles, Jean-Paul,
_eillustrator.
700 1 _aMcAliley, Susan.
830 0 _aAmerican girls collection.
942 _cBK